| 000 | 00715nam a2200253Ia 4500 | ||
|---|---|---|---|
| 005 | 20250425162349.0 | ||
| 008 | 250425s9999 xx 000 0 und d | ||
| 020 | _a9780815775539 | ||
| 041 | _aeng | ||
| 082 | _a337 | ||
| 100 | _aROETT, RIORDAN | ||
| 245 | 0 | _aCHINA S EXPANSION INTO THE WESTERN HEMISPHERE: IMPLICATIONS FOR LATIN AMERICA AND THE UNITED STATES | |
| 250 | _a1A ED. | ||
| 260 |
_aEstados Unidos _bBROOKINGS INSTITUTION PRESS _c2008 |
||
| 260 | _aWASHINGTON | ||
| 300 | _a276 | ||
| 500 | _aRIORDAN ROETT, GUADALUPE PAZ, EDITORS | ||
| 650 | _aAMERICA LATINA | ||
| 650 | _aCHINA | ||
| 650 | _aESTADOS UNIDOS | ||
| 710 | _aBROOKINGS INSTITUTION PRESS | ||
| 942 | _c01 | ||
| 010 | _a66152 | ||
| 999 |
_c227718 _d227718 |
||